00388 2200157 4500001002100000005001500021035002000036245004400056100001500100250001700115300003200132260002900164082000800193084001400201650001500215INLIS00000000000069020240919081008 a0010-09240000091 aBiar Cacat Penuh Semangat /cSeno Subro0 aSeno Subro aCetakan Ke-1 aiv, 52 hlm :bIlus ;c21 cm aSolo :bCV Deriko,c2007 a813 a813 SEN b 4aFiksi Anak